| 000 | 00799nam a2200301Ia 4500 | ||
|---|---|---|---|
| 001 | 35744 | ||
| 003 | IT-RoPAU | ||
| 008 | 130308s9999 xx 000 0 und d | ||
| 040 | _aIT-RoPAU | ||
| 040 | _cIT-RoPAU | ||
| 041 | _aFRANCESE | ||
| 100 | _aStenzl Jurg | ||
| 100 | _gCodice Aut. SPICS: 17009 | ||
| 245 | _aDramaturgie musicale de Luigi Nono (La) | ||
| 245 | _bContrechamps N.4 Avril 1985 | ||
| 250 | _a1a ed. | ||
| 260 | _aLAUSANNE | ||
| 260 | _bL'Age D'Homme | ||
| 260 | _c1985 [1° Ed.:1985 - Ed.Ling.Originale:1985] | ||
| 300 | _a"15 p. (prefazione: no ; testo: 15 [pagine: 68-82])" | ||
| 500 | _aDrammaturgia Musicale di Luigi Nono | ||
| 650 | _aSAGGI MUSICALI | ||
| 650 | _eCodice materia Spics: 7011 | ||
| 942 | _cBK | ||
| 957 | _71 | ||
| 999 |
_c59863 _d59863 |
||
| 999 | _bSI | ||
| 999 | _g1 | ||